[Event "London Classic Superblitz KO"]
[Site "London"]
[Date "2017.12.10"]
[Round "1.1"]
[White "Westwood, Richard D"]
[Black "Iturrizaga Bonelli, Eduardo"]
[Result "0-1"]
[WhiteElo "2080"]
[BlackElo "2665"]
[PlyCount "63"]
[EventDate "2017.12.10"]
[EventType "k.o. (blitz)"]
[EventRounds "6"]
[EventCountry "ENG"]
[SourceTitle "CBM 182 Extra"]
[Source "ChessBase"]
[SourceDate "2018.02.23"]
[SourceVersion "1"]
[SourceVersionDate "2018.02.23"]
[SourceQuality "1"]

1. d4 Nf6 2. Nf3 c5 3. c3 b6 4. Bf4 Bb7 5. e3 g6 6. h3 Bg7 7. Nbd2 0-0 8. Bd3 d6 9. 0-0 Nc6 10. Qe2 a6 11. Rfe1 b5 12. Rad1 Qb6 13. dxc5 dxc5 14. Bc2 Nd5 15. Bg3 Rfd8 16. Nb1 c4 17. e4 Nc7 18. Rxd8+ Rxd8 19. Rd1 Ne6 20. Rxd8+ Qxd8 21. Nbd2 Nc5 22. Ne1 Bh6 23. Ndf3 Bc1 24. Bb1 Na4 25. b3 cxb3 26. axb3 Nxc3 27. Qc2 Nd4 28. Nxd4 Qxd4 29. Kh2 Qd2 30. Be5 Qxc2 31. Bxc2 Nxe4 32. Nf3 0-1

[Event "London Classic rapid op"]
[Site "London"]
[Date "2017.12.09"]
[Round "6.5"]
[White "Westwood, Richard D"]
[Black "Wadsworth, Matthew J"]
[Result "0-1"]
[WhiteElo "2080"]
[BlackElo "2336"]
[PlyCount "45"]
[EventDate "2017.12.09"]
[EventType "swiss (rapid)"]
[EventRounds "6"]
[EventCountry "ENG"]
[SourceTitle "CBM 182 Extra"]
[Source "ChessBase"]
[SourceDate "2018.02.23"]
[SourceVersion "1"]
[SourceVersionDate "2018.02.23"]
[SourceQuality "1"]

1. d4 Nf6 2. c4 c5 3. d5 e6 4. Nc3 exd5 5. cxd5 d6 6. g3 g6 7. Bg2 Bg7 8. e4 0-0 9. Nge2 a6 10. a4 Nbd7 11. Bf4 Qc7 12. 0-0 Rb8 13. a5 Nh5 14. Be3 Ne5 15. Nf4 Nxf4 16. Bxf4 Nc4 17. Qc1 Rd8 18. Na4 Ne5 19. Nb6 Bd7 20. Nxd7 Qxd7 21. Ra3 Qb5 22. Rd1 Nc4 23. Bf1 0-1

[Event "BCF-chT3 0405 (4NCL)"]
[Site "Telford"]
[Date "2005.02.27"]
[Round "6.2"]
[White "Trevelyan, John"]
[Black "Westwood, Richard D"]
[Result "1-0"]
[WhiteElo "2178"]
[BlackElo "2093"]
[PlyCount "105"]
[EventDate "2004.11.06"]
[EventType "team"]
[EventRounds "11"]
[EventCountry "ENG"]
[SourceTitle "EXT 2006"]
[Source "ChessBase"]
[SourceDate "2005.11.24"]
[SourceVersion "1"]
[SourceVersionDate "2005.11.24"]
[SourceQuality "1"]
[WhiteTeam "SW Dragons II"]
[BlackTeam "The ADS II"]
[WhiteTeamCountry "ENG"]
[BlackTeamCountry "ENG"]

1. d4 Nf6 2. c4 d6 3. Nf3 Nbd7 4. Nc3 g6 5. e4 e5 6. d5 Bg7 7. Bd3 0-0 8. h3 Nc5 9. Bc2 a5 10. Be3 b6 11. g4 h5 12. g5 Nh7 13. Qd2 f5 14. gxf6 Qxf6 15. Ng1 Ba6 16. b3 Rab8 17. a4 g5 18. 0-0-0 Kh8 19. Nge2 h4 20. Kb2 Rg8 21. Nc1 Nd7 22. Rdg1 Bh6 23. Bd1 Ndf8 24. Bg4 Bc8 25. Nb5 Qe7 26. Ne2 Ng6 27. Na7 Bxg4 28. hxg4 Qg7 29. Nc6 Rbf8 30. Rf1 Ne7 31. Nxe7 Qxe7 32. f3 Rf6 33. Nc3 Rgf8 34. Qe2 R8f7 35. Bd2 Nf8 36. Nd1 Ng6 37. Ne3 Nf4 38. Qd1 Bf8 39. Nf5 Qd7 40. Rh2 c6 41. dxc6 Qxc6 42. Be3 Kh7 43. Qc2 Kg6 44. Bxf4 exf4 45. e5 Rxf5 46. e6 R7f6 47. Rd2 Bg7 48. Kb1 Qc5 49. gxf5+ Qxf5 50. Rxd6 Qxc2+ 51. Kxc2 Kf5 52. e7 Rxd6 53. e8Q 1-0

[Event "GBR-ch"]
[Site "Scarborough"]
[Date "2004.08.10"]
[Round "8"]
[White "Rayner, Francis"]
[Black "Westwood, Richard D"]
[Result "0-1"]
[WhiteElo "2252"]
[BlackElo "2030"]
[PlyCount "122"]
[EventDate "2004.08.02"]
[EventType "swiss"]
[EventRounds "11"]
[EventCountry "ENG"]
[SourceTitle "CBM 101 Extra"]
[Source "ChessBase"]
[SourceDate "2004.09.01"]
[SourceVersion "2"]
[SourceVersionDate "2004.09.01"]
[SourceQuality "1"]

1. e4 c6 2. d4 d5 3. f3 e6 4. Nc3 Bb4 5. Bf4 Nf6 6. Qd3 b6 7. Nge2 Ba6 8. Qe3 Nbd7 9. 0-0-0 Nf8 10. h3 Ng6 11. Bh2 Bb7 12. g4 Qe7 13. a3 Bxc3 14. Nxc3 dxe4 15. fxe4 0-0 16. Be2 Rfc8 17. g5 Nd7 18. h4 Nxh4 19. Bd6 Qxd6 20. Rxh4 Nf8 21. e5 Qc7 22. Ne4 c5 23. Nf6+ gxf6 24. gxf6 cxd4 25. Qg5+ Ng6 26. Bd3 Qxe5 27. Qxe5 Nxe5 28. Bxh7+ Kf8 29. Be4 Ng6 30. Bxg6 fxg6 31. Rh8+ Kf7 32. Rh7+ Kxf6 33. Rxb7 e5 34. Rf1+ Ke6 35. Rbf7 Rg8 36. Kd2 g5 37. R1f6+ Kd5 38. Kd3 Rad8 39. Rxa7 Rd6 40. Rxd6+ Kxd6 41. Rb7 Kc6 42. Re7 g4 43. Rxe5 g3 44. Re1 g2 45. Rg1 Kd5 46. c4+ dxc3 47. Kxc3 Ke4 48. Kb4 Rg5 49. b3 Kf3 50. Rc1 g1Q 51. Rxg1 Rxg1 52. Kb5 Rg6 53. b4 Ke4 54. a4 Kd5 55. a5 bxa5 56. bxa5 Kd6 57. Kb6 Kd7+ 58. Kb7 Rg1 59. a6 Rb1+ 60. Ka8 Kc6 61. Ka7 Rb6 0-1

[Event "GBR-ch"]
[Site "Scarborough"]
[Date "2004.08.06"]
[Round "5"]
[White "Westwood, Richard D"]
[Black "Houska, Jovanka"]
[Result "0-1"]
[WhiteElo "2030"]
[BlackElo "2375"]
[PlyCount "118"]
[EventDate "2004.08.02"]
[EventType "swiss"]
[EventRounds "11"]
[EventCountry "ENG"]
[SourceTitle "CBM 101 Extra"]
[Source "ChessBase"]
[SourceDate "2004.09.01"]
[SourceVersion "2"]
[SourceVersionDate "2004.09.01"]
[SourceQuality "1"]

1. d4 d5 2. Nf3 c6 3. Bf4 Bf5 4. e3 e6 5. c3 Qb6 6. Qb3 Nd7 7. Nbd2 h6 8. Be2 Ngf6 9. h3 Be7 10. 0-0 0-0 11. Ne5 Nxe5 12. Bxe5 Nd7 13. Bg3 c5 14. dxc5 Bxc5 15. Qxb6 Nxb6 16. Nb3 Be7 17. Nd4 Bg6 18. a4 Nc4 19. Bxc4 dxc4 20. a5 a6 21. Bc7 Rac8 22. Bb6 e5 23. Nf3 f6 24. Rfd1 Bd3 25. b4 g5 26. Ra2 h5 27. Rad2 g4 28. hxg4 hxg4 29. Ne1 Bf5 30. f3 gxf3 31. gxf3 Kf7 32. e4 Rg8+ 33. Rg2 Bh3 34. Rxg8 Rxg8+ 35. Kf2 Ke6 36. Rd5 f5 37. Bc5 fxe4 38. fxe4 Bh4+ 39. Ke2 Rg4 40. Rd6+ Kf7 41. Be3 Rxe4 42. Nc2 Be7 43. Rb6 Bc8 44. Rh6 Kg7 45. Rb6 Rh4 46. Bg1 Rg4 47. Bf2 Bd8 48. Rd6 Bc7 49. Rd5 Be6 50. Rd2 Bf5 51. Ne3 Bd3+ 52. Kf3 Rg6 53. Nd5 Bd6 54. Bb6 e4+ 55. Ke3 Rg5 56. Bd4+ Kg6 57. Nf4+ Kf5 58. Ng2 Rg3+ 59. Kf2 Rf3+ 0-1

[Event "BCF-chT3 0304 (4NCL)"]
[Site "West Bromwich"]
[Date "2004.01.25"]
[Round "4.4"]
[White "Westwood, Richard D"]
[Black "Maduekwe, Chiedu U"]
[Result "1/2-1/2"]
[WhiteElo "2048"]
[BlackElo "2127"]
[PlyCount "86"]
[EventDate "2003.11.23"]
[EventType "team"]
[EventRounds "11"]
[EventCountry "ENG"]
[SourceTitle "EXT 2005"]
[Source "ChessBase"]
[SourceDate "2004.11.15"]
[SourceVersion "1"]
[SourceVersionDate "2004.11.15"]
[SourceQuality "1"]
[WhiteTeam "The ADS II"]
[BlackTeam "Wood Green III"]
[WhiteTeamCountry "ENG"]
[BlackTeamCountry "ENG"]

1. e4 c6 2. d4 d5 3. Nc3 dxe4 4. Nxe4 Nd7 5. Ng5 Ngf6 6. Bd3 e6 7. N1f3 Bd6 8. Qe2 h6 9. Ne4 Nxe4 10. Bxe4 Qc7 11. c3 b6 12. 0-0 Bb7 13. Re1 0-0 14. b3 Nf6 15. Bd3 c5 16. dxc5 Qxc5 17. Bb2 Qh5 18. Ne5 Qxe2 19. Rxe2 Rfd8 20. Bc4 a6 21. a4 b5 22. axb5 axb5 23. Rxa8 Bxa8 24. Bxb5 Bxe5 25. Rxe5 Rd1+ 26. Bf1 Be4 27. Ra5 Rb1 28. f3 Bc2 29. Ra8+ Kh7 30. Rd8 Nd5 31. c4 Ne3 32. Kf2 Nxf1 33. Be5 Bxb3 34. c5 Bd5 35. Rd7 Kg6 36. h4 Nd2 37. c6 Ne4+ 38. fxe4 Bxc6 39. h5+ Kxh5 40. Rxf7 g5 41. Re7 Bxe4 42. Rxe6 Rc1 43. g3 Rc6 1/2-1/2